The adventure of british furniture : (Record no. 134898)

MARC details
000 -LEADER
fixed length control field 00665nam a22002297a 4500
005 - DATE AND TIME OF LATEST TRANSACTION
control field 20170124110236.0
010 ## - LIBRARY OF CONGRESS CONTROL NUMBER
LC control number 044767
020 ## - INTERNATIONAL STANDARD BOOK NUMBER
Terms of availability 00.00
035 ## - SYSTEM CONTROL NUMBER
System control number 044767
037 ## - SOURCE OF ACQUISITION
Source of stock number/acquisition Cen Lib/Ret
040 ## - CATALOGING SOURCE
Original cataloging agency DPL
Language of cataloging EN
082 ## - DEWEY DECIMAL CLASSIFICATION NUMBER
Classification number 749.22
Item number JOE
100 ## - MAIN ENTRY--PERSONAL NAME
Personal name Joel, David
9 (RLIN) 42097
245 ## - TITLE STATEMENT
Title The adventure of british furniture :
Statement of responsibility, etc by David Joel
Remainder of title 1851-1951 /
260 ## - PUBLICATION, DISTRIBUTION, ETC. (IMPRINT)
Place of publication, distribution, etc London
Name of publisher, distributor, etc Ernest Benn Limited
Date of publication, distribution, etc 1953
270 ## - ADDRESS
Address Bouverie House Fleet Street
City London
300 ## - PHYSICAL DESCRIPTION
Extent 256p. :
Dimensions 28cm(Hb)
Other physical details ill.
500 ## - GENERAL NOTE
General note Includes index<br/>
650 ## - SUBJECT ADDED ENTRY--TOPICAL TERM
Topical term or geographic name as entry element Furniture
9 (RLIN) 42098
650 ## - SUBJECT ADDED ENTRY--TOPICAL TERM
Topical term or geographic name as entry element Furniture -- Great Britain
9 (RLIN) 42099
942 ## - ADDED ENTRY ELEMENTS (KOHA)
Source of classification or shelving scheme Dewey Decimal Classification
Koha item type English Books
Classification part 749.22
Call number suffix JOE
Holdings
Withdrawn status Lost status Damaged status Not for loan Collection code Home library Current library Date acquired Source of acquisition Cost, normal purchase price Total Checkouts Full call number Barcode Date last seen Copy number Cost, replacement price Price effective from Koha item type
      Not For Loan Reference Central Library Central Library 31/07/2015 Cen Lib/Ret 0.00   749.22 JOE 044767 31/07/2015 1 0.00 31/07/2015 English Books

© Delhi Public Library
Hit Counter
free hit counter